000 00987cab a2200289 4500
001 ABS56968
008 090401t1997 xxu||||| |||| 00| 0 eng d
035 _a(Sirsi) u78277
041 _aeng
245 _aFocus `97: Retail: Town Centres
260 _c1997
350 _a0
490 _aEstates Gazette
_v(9718) 3 May 1997, 87-107(15)
520 _aSurvey on town centres. Covers pedestrianisation schemes, PPG6 and PPG13, high street and out-of-town competition, department stores, designer labels and security systems.
650 _aCCTV
650 _aDEPARTMENT STORES
650 _aPEDESTRIANISATION
650 _aPLANNING POLICY GUIDANCE NOTE 13
650 _aPLANNING POLICY GUIDANCE NOTE SIX
650 _aPROPERTY-COMMERCIAL PROPERTY-RETAIL PROPERTY-RETAIL PROPERTY MARKET
650 _aSHOPPING CENTRES
650 _aSUPERMARKETS
650 _aTOWN CENTRES
690 _aPROPERTY-COMMERCIAL PROPERTY-RETAIL PROPERTY
942 _n0
948 _c09/05/1997
999 _c49268
_d49268